000 00485nam a2200193Ia 4500
008 101110s9999 xx 000 0 und d
041 _aENGLISH
082 _bSR10218
_a910.133
100 _aRoepke Howard G.
245 _aReadings in Economic Geography
365 _b59.5
520 _aGeography
546 _aENGLISH
630 _aReadings in Economic Geography
650 _aGeography
655 _aGeography
730 _aReadings in Economic Geography
942 _cBOOK
999 _c805202
_d805199